| 000 -LEADER |
| fixed length control field |
01854nam a22002057a 4500 |
| 020 ## - INTERNATIONAL STANDARD BOOK NUMBER |
| ISBN |
9786210446661 (paperback) |
| 082 ## - DEWEY DECIMAL CLASSIFICATION NUMBER |
| Classification number |
519.5 |
| Item number |
R6215 2023 |
| 100 ## - MAIN ENTRY--AUTHOR NAME |
| Personal name |
Rivera, John Paolo R., author. |
| 245 ## - TITLE STATEMENT |
| Title |
Statistical analysis with software applications / John Paolo R. Rivera, Ph.D. |
| 250 ## - EDITION STATEMENT |
| Edition statement |
First edition. |
| 260 ## - PUBLICATION, DISTRIBUTION, ETC. (IMPRINT) |
| Place of publication |
Manila : |
| Name of publisher |
Rex Book Store, |
| Year of publication |
©2023. |
| 300 ## - PHYSICAL DESCRIPTION |
| Number of Pages |
xx, 323 pages : |
| Other physical details |
illustrations ; 25 cm. |
| 500 ## - GENERAL NOTE |
| General note |
Includes bibliographical references and index. |
| 505 ## - FORMATTED CONTENTS NOTE |
| Formatted contents note |
Fundamentals of statistics -- Descriptive statistics -- Probability theory -- Sampling distribution of the mean -- Inferential statistics -- Analysis of variance (ANOVA) and nonparametric tests -- Correlation and regression analysis -- Appendices 297 -- Index 314 -- Worksheets 322. |
| 520 ## - SUMMARY, ETC. |
| Summary, etc |
"This learning material will cover fundamental concepts, principles, and techniques of statistics useful in various fields (e.g., business and management, humanities, social sciences, health, and engineering), research, and other practical applications. Its main learning objective is to develop students' skills in statistics by demonstrating their ability to perform data management and analysis relevant to personal and professional decision-making and research. Through this textbook, students will learn and apply statistical concepts and tools to data obtained from various sources that will allow them to formulate assumptions and hypothesis and then critically test them. Moreover, this textbook will cover statistical approaches to meet empirical questions that will foster scientific perspective and incite critical thinking. It will also utilize Microsoft Excel to help students analyze data." -- Provided by publisher. |
| 650 ## - SUBJECT ADDED ENTRY--TOPICAL TERM |
| Topical Term |
Mathematical statistics. |
| 650 ## - SUBJECT ADDED ENTRY--TOPICAL TERM |
| Topical Term |
Statistical analysis. |
| 650 ## - SUBJECT ADDED ENTRY--TOPICAL TERM |
| Topical Term |
Statistical methods. |
| 942 ## - ADDED ENTRY ELEMENTS (KOHA) |
| Koha item type |
Books |